000 00944nam a22002897a 4500
001 0011630
003 DO-SdBPM
005 20250730103108.0
007 ta
008 161017b20uu sp | |||| 00| 0 spa d
020 _a|8476410395
040 _aDO-SdBPM
_bspa
_cBPMSU
_erda
082 4 _a611
_bB517c
_222
100 1 _a Bernabé Ortega, Eric Gil de
_eautor
245 1 0 _aConocimiento de nuestro cuerpo y sus cuidados /
_c Eric Gil de Bernabé Ortega ; prólogo Ferran Muñoz Agel
264 _aBarcelona :
_bMundilibros,
_c[200-?]
300 _a200 páginas :
_bilustraciones ;
_c 26 cm.
_e
336 _atexto
_btxt
_2rdacontent
337 _asin mediación
_bn
_2rdamedia
338 _avolumen
_bnc
_2rdacarrier
590 _aInventariado, 2025/VM
650 7 _aAnatomía humana
_v
650 7 _aFisiología
_v
700 1 _a Muñoz Agel, Ferran
_eprólogo
910 _aVMateo V. Control de calidad BPMSU
942 _2ddc
_cBK
999 _c15291
_d15291